000 01268nam a2200337 ia4500
003 OSt
005 20260525130121.0
008 260525t20252025nyuoa br 001 0 eng d
020 _a9781510567016
_cRM137.50
_qhardback
040 _aPPAK
_beng
_cPPAK
_erda
082 0 4 _a538
_223
090 0 0 _a538
_bGOL
_dK
100 1 _aGoldsworthy, Kaite,
_eauthor.
245 1 0 _aMAGNETISM /
_cKAITE GOLDSWORTHY
264 1 _aNew York :
_bLightbox Learning Inc.,
_c[2025?]
264 4 _c©2025
300 _a24 pages :
_bcolour photographs, colour illustrations ;
_c26 cm
336 _atext
_2rdacontent
337 _aunmediated
_2rdamedia
338 _avolume
_2rdacarrier
490 1 _aTHE BEGINNER'S GUIDE TO PHYSICS
500 _aIncludes index.
520 _a"Magnets are objects that produce an invisible field of forces called a magnetic field. This field affects all magnetic objects and materials within it. Magnetism is created by the movement of electric charges."
521 _aAges 6.
650 1 0 _aMagnetism
_vJuvenile literature
650 2 0 _aMotion
_vJuvenile literature
650 2 0 _aScience
_vJuvenile literature
650 2 0 _aScience for children
830 0 _aThe beginner's guide to Physics
942 _2ddc
_cB
999 _c204447
_d204447